000 00601nam a2200253Ia 4500
008 210210b2010 xxu||||| |||| 00| 0 eng d
020 _a9789380283289
041 _aeng
082 _a158.1 CANC
100 _aCANFIELD (Jack)
245 _aChicken soup for the soul: Indian women
260 _aChennai
_bWestland books pvt ltd.,
_c2010
300 _axii,358
650 _awomen
650 _athe
650 _asoup
650 _asoul:
650 _aIndian
650 _afor
650 _aChicken
690 _aApplied Psychology
700 _aHANSEN (Mark Victor)
906 _a064630
999 _c141524
_d141524